[Event "SRI-chT"]
[Site "Colombo"]
[Date "2023.08.01"]
[Round "8.3"]
[White "Madushan, Tharusha KD"]
[Black "Perera, WCC"]
[Result "1/2-1/2"]
[WhiteElo "1719"]
[BlackElo "2079"]
[PlyCount "63"]
[EventDate "2023.07.28"]
[EventType "team-tourn"]
[EventRounds "9"]
[EventCountry "SRI"]
[SourceTitle "CBM 215 Extra"]
[Source "ChessBase"]
[SourceDate "2023.09.30"]
[SourceVersion "1"]
[SourceVersionDate "2023.09.30"]
[SourceQuality "1"]
[WhiteTeam "Maroons CC"]
[BlackTeam "Laeufer CC"]
[WhiteTeamCountry "SRI"]
[BlackTeamCountry "SRI"]

1. d4 g6 2. c4 Bg7 3. Nc3 d6 4. Nf3 Nf6 5. e4 0-0 6. Be2 e5 7. 0-0 Nc6 8. d5 Ne7 9. Ne1 Ne8 10. Nd3 f5 11. f3 f4 12. g4 g5 13. Bd2 c5 14. Be1 h5 15. h3 Rf6 16. Kg2 Rh6 17. Bf2 Ng6 18. Rh1 Bf8 19. b4 b6 20. a4 a5 21. b5 Ra7 22. Rg1 Rah7 23. Kf1 Nf6 24. Ke1 Qe7 25. Kd2 Kf7 26. Qf1 hxg4 27. hxg4 Ke8 28. Kc2 Rh8 29. Nb1 Qh7 30. Nd2 Rh2 31. Rg2 Rh3 32. Rg1 1/2-1/2

[Event "SRI-ch"]
[Site "Colombo"]
[Date "2016.05.27"]
[Round "2"]
[White "Edirisinghe, Dulan"]
[Black "Perera, WCC"]
[Result "0-1"]
[WhiteElo "2106"]
[BlackElo "2078"]
[PlyCount "64"]
[EventDate "2016.05.27"]
[EventType "tourn"]
[EventRounds "13"]
[EventCountry "SRI"]
[SourceTitle "CBM 172 Extra"]
[Source "ChessBase"]
[SourceDate "2016.06.21"]
[SourceVersion "1"]
[SourceVersionDate "2016.06.21"]
[SourceQuality "1"]

1. d4 g6 2. c4 Bg7 3. Nc3 d6 4. Nf3 Nf6 5. e4 0-0 6. h3 e5 7. d5 a5 8. Bg5 Na6 9. Be2 Nc5 10. Nd2 Bd7 11. g4 a4 12. Qc2 c6 13. Rg1 Qa5 14. f3 Rac8 15. dxc6 bxc6 16. Rb1 Ne6 17. Be3 Ra8 18. Qd3 Nd4 19. Kf2 Ne8 20. Bd1 c5 21. h4 Qd8 22. g5 Nc7 23. Nd5 Nxd5 24. cxd5 f5 25. Bxd4 exd4 26. Kg2 h6 27. Kh1 hxg5 28. Rxg5 Bh6 29. Rxg6+ Kh7 30. Rg2 Bf4 31. Bc2 Qxh4+ 32. Kg1 Rg8 0-1

[Event "SRI-chB"]
[Site "Colombo"]
[Date "2016.03.20"]
[Round "7"]
[White "Galappaththi, Chinthaka Anuruddh"]
[Black "Perera, WCC"]
[Result "1/2-1/2"]
[WhiteElo "2041"]
[BlackElo "2060"]
[PlyCount "26"]
[EventDate "2016.03.12"]
[EventType "swiss"]
[EventRounds "10"]
[EventCountry "SRI"]
[SourceTitle "CBM 171 Extra"]
[Source "ChessBase"]
[SourceDate "2016.04.26"]
[SourceVersion "1"]
[SourceVersionDate "2016.04.26"]
[SourceQuality "1"]

1. Nf3 Nf6 2. g3 g6 3. Bg2 Bg7 4. d3 d6 5. 0-0 0-0 6. c4 c5 7. Nc3 Nc6 8. a3 Bd7 9. Rb1 a5 10. h3 Rb8 11. Kh2 e5 12. Ne1 Nh5 13. Nc2 f5 1/2-1/2

[Event "SRI-chB"]
[Site "Colombo"]
[Date "2016.03.13"]
[Round "3"]
[White "Lamawansa, Yasas"]
[Black "Perera, WCC"]
[Result "0-1"]
[WhiteElo "2006"]
[BlackElo "2060"]
[PlyCount "78"]
[EventDate "2016.03.12"]
[EventType "swiss"]
[EventRounds "10"]
[EventCountry "SRI"]
[SourceTitle "CBM 171 Extra"]
[Source "ChessBase"]
[SourceDate "2016.04.26"]
[SourceVersion "1"]
[SourceVersionDate "2016.04.26"]
[SourceQuality "1"]

1. d4 g6 2. c4 Nf6 3. Nc3 Bg7 4. e4 d6 5. Bd3 Nbd7 6. Nge2 e5 7. d5 0-0 8. 0-0 Nc5 9. Bc2 a5 10. Rb1 c6 11. f3 Na6 12. a3 cxd5 13. cxd5 Nh5 14. Be3 f5 15. exf5 Bxf5 16. Bxf5 gxf5 17. f4 Qd7 18. Qd2 Nf6 19. h3 Rac8 20. Kh2 Nc5 21. Bxc5 Rxc5 22. fxe5 dxe5 23. Qe3 Rfc8 24. Rbd1 b5 25. b3 e4 26. Qg5 Rxc3 27. Nxc3 Rxc3 28. Rxf5 Qd6+ 29. Kh1 h6 30. Qd2 Rd3 31. Qe1 Qd7 32. Rxd3 Qxf5 33. Rd1 Nxd5 34. Qxa5 Nc3 35. Qd8+ Kh7 36. Rd7 Ne2 37. Rxg7+ Kxg7 38. Qe7+ Qf7 39. Qe5+ Qf6 0-1

[Event "SRI-chB"]
[Site "Colombo"]
[Date "2016.03.12"]
[Round "2"]
[White "Perera, WCC"]
[Black "Danushka, MAN"]
[Result "1-0"]
[WhiteElo "2060"]
[BlackElo "1864"]
[PlyCount "95"]
[EventDate "2016.03.12"]
[EventType "swiss"]
[EventRounds "10"]
[EventCountry "SRI"]
[SourceTitle "CBM 171 Extra"]
[Source "ChessBase"]
[SourceDate "2016.04.26"]
[SourceVersion "1"]
[SourceVersionDate "2016.04.26"]
[SourceQuality "1"]

1. d4 d5 2. c4 e5 3. dxe5 d4 4. Nf3 Nc6 5. Bg5 Be7 6. Bxe7 Ngxe7 7. Nbd2 Be6 8. Rc1 Qd7 9. Nb3 Rd8 10. g3 b6 11. Bg2 Ng6 12. Ng5 Ncxe5 13. Nxe6 fxe6 14. c5 0-0 15. 0-0 Nf7 16. Qc2 e5 17. Nd2 Ng5 18. Ne4 Ne6 19. Qc4 Qf7 20. cxb6 cxb6 21. Bh3 Rfe8 22. Qb3 Re7 23. Rc6 Ngf8 24. Rfc1 d3 25. exd3 Nd4 26. Qxf7+ Kxf7 27. Rc8 Nf3+ 28. Kf1 Rxc8 29. Rxc8 Ne6 30. Bxe6+ Kxe6 31. h4 h6 32. Ke2 Nd4+ 33. Kd2 Rf7 34. Re8+ Re7 35. Rf8 Rc7 36. Nc3 b5 37. a3 Rf7 38. Rxf7 Kxf7 39. Ke3 Ke6 40. f4 Kf5 41. fxe5 Kxe5 42. Ne2 Nf5+ 43. Kf3 h5 44. Nf4 Kd4 45. Nxh5 Kxd3 46. Kg4 Ke4 47. Kg5 Ke5 48. g4 1-0

[Event "Kuala Lumpur Varsity-ch 20th"]
[Site "Kuala Lumpur"]
[Date "2016.01.26"]
[Round "9"]
[White "Perera, WCC"]
[Black "Adam Adonis, Iskandar Danial"]
[Result "1-0"]
[WhiteElo "2089"]
[BlackElo "1723"]
[PlyCount "37"]
[EventDate "2016.01.21"]
[EventType "swiss"]
[EventRounds "9"]
[EventCountry "MAS"]
[SourceTitle "CBM 170 Extra"]
[Source "ChessBase"]
[SourceDate "2016.02.25"]
[SourceVersion "1"]
[SourceVersionDate "2016.02.25"]
[SourceQuality "1"]

1. Nf3 Nf6 2. g3 d6 3. Bg2 e5 4. d3 Nbd7 5. 0-0 Be7 6. c4 0-0 7. Nc3 c6 8. e4 Qb6 9. Rb1 Re8 10. Be3 Qc7 11. Nh4 Ng4 12. Qxg4 Nc5 13. Nf5 Bxf5 14. exf5 Nxd3 15. h4 Qa5 16. h5 f6 17. h6 Bf8 18. Ne4 Kf7 19. Nxd6+ 1-0

[Event "Kuala Lumpur Varsity-ch 20th"]
[Site "Kuala Lumpur"]
[Date "2016.01.25"]
[Round "8"]
[White "Anjana Krishna, Sreela"]
[Black "Perera, WCC"]
[Result "1-0"]
[WhiteElo "1894"]
[BlackElo "2089"]
[PlyCount "57"]
[EventDate "2016.01.21"]
[EventType "swiss"]
[EventRounds "9"]
[EventCountry "MAS"]
[SourceTitle "CBM 170 Extra"]
[Source "ChessBase"]
[SourceDate "2016.02.25"]
[SourceVersion "1"]
[SourceVersionDate "2016.02.25"]
[SourceQuality "1"]

1. d4 g6 2. e4 d6 3. Nc3 Nf6 4. f3 c6 5. Be3 b5 6. Qd2 a6 7. Bd3 Nbd7 8. Bh6 c5 9. Bxf8 Rxf8 10. dxc5 Nxc5 11. Nge2 Qb6 12. Nf4 Bb7 13. Be2 e6 14. Nd3 0-0-0 15. Nf2 d5 16. Qg5 Ncd7 17. exd5 Nxd5 18. Nxd5 Bxd5 19. 0-0 f5 20. b3 Kb8 21. c4 Bc6 22. cxb5 Bxb5 23. Bxb5 Qxb5 24. Qe7 e5 25. Rfd1 Rfe8 26. Qd6+ Kb7 27. Rac1 Qb6 28. Qd5+ Kb8 29. Rc6 1-0

[Event "Kuala Lumpur Varsity-ch 20th"]
[Site "Kuala Lumpur"]
[Date "2016.01.22"]
[Round "4"]
[White "Azman Hisham, Mohd Nabil"]
[Black "Perera, WCC"]
[Result "1/2-1/2"]
[WhiteElo "1975"]
[BlackElo "2089"]
[PlyCount "90"]
[EventDate "2016.01.21"]
[EventType "swiss"]
[EventRounds "9"]
[EventCountry "MAS"]
[SourceTitle "CBM 170 Extra"]
[Source "ChessBase"]
[SourceDate "2016.02.25"]
[SourceVersion "1"]
[SourceVersionDate "2016.02.25"]
[SourceQuality "1"]

1. d4 g6 2. c4 Bg7 3. e4 d6 4. Nc3 Nf6 5. Be2 0-0 6. Be3 Nbd7 7. Qd2 c5 8. d5 Qa5 9. f3 Ne5 10. g4 Qb4 11. Nb5 Qxd2+ 12. Bxd2 a6 13. Nc3 h6 14. h3 Ned7 15. f4 e6 16. dxe6 fxe6 17. 0-0-0 Nb8 18. Be3 Ne8 19. Nf3 Nc6 20. e5 dxe5 21. Nxe5 Nxe5 22. fxe5 b6 23. Rhf1 Rxf1 24. Rxf1 g5 25. Bf3 Rb8 26. Bc6 Bb7 27. Bxb7 Rxb7 28. h4 gxh4 29. Rh1 Bxe5 30. Rxh4 Rh7 31. Ne4 Kg7 32. Rh5 Bc7 33. g5 hxg5 34. Rxh7+ Kxh7 35. Nxg5+ Kg6 36. Nxe6 Kf5 37. Nxc7 Nxc7 38. b4 cxb4 39. Bxb6 Ne6 40. Kc2 Ke5 41. Kb3 Kd6 42. Kxb4 Kc6 43. Be3 Kb7 44. a4 Kc6 45. Kc3 Kd6 1/2-1/2

[Event "Olympiad-41"]
[Site "Tromsoe"]
[Date "2014.08.10"]
[Round "8.2"]
[White "Perera, WCC"]
[Black "Karttunen, Mika"]
[Result "0-1"]
[WhiteElo "2081"]
[BlackElo "2437"]
[PlyCount "70"]
[EventDate "2014.08.02"]
[EventType "team-swiss"]
[EventRounds "11"]
[EventCountry "NOR"]
[SourceTitle "CBM 162"]
[Source "ChessBase"]
[SourceDate "2014.09.17"]
[SourceVersion "1"]
[SourceVersionDate "2014.09.17"]
[SourceQuality "1"]
[WhiteTeam "Sri Lanka"]
[BlackTeam "Finland"]
[WhiteTeamCountry "SRI"]
[BlackTeamCountry "FIN"]

1. d4 Nf6 2. c4 e6 3. Nf3 Bb4+ 4. Bd2 Qe7 5. g3 Nc6 6. Bg2 Bxd2+ 7. Nbxd2 d6 8. 0-0 a5 9. e4 e5 10. d5 Nb8 11. b3 0-0 12. a3 Na6 13. b4 axb4 14. axb4 Bg4 15. Qb3 c5 16. dxc6 bxc6 17. Ra4 Nc7 18. Rfa1 Rxa4 19. Rxa4 Rb8 20. Ra7 Qd8 21. Qa4 Ne6 22. Qxc6 Rxb4 23. Ra6 Bxf3 24. Nxf3 Rb1+ 25. Bf1 Ne8 26. Kg2 Rb8 27. Ra7 Rc8 28. Qb5 Nc5 29. Ne1 Nxe4 30. Qd5 Ng5 31. f4 exf4 32. gxf4 Ne6 33. Nd3 Nf6 34. Qf3 Rxc4 35. Rxf7 Rc2+ 0-1

[Event "Olympiad-41"]
[Site "Tromsoe"]
[Date "2014.08.09"]
[Round "7.2"]
[White "Lorne, Ras Malaku"]
[Black "Perera, WCC"]
[Result "1/2-1/2"]
[WhiteElo "2056"]
[BlackElo "2081"]
[PlyCount "90"]
[EventDate "2014.08.02"]
[EventType "team-swiss"]
[EventRounds "11"]
[EventCountry "NOR"]
[SourceTitle "CBM 162"]
[Source "ChessBase"]
[SourceDate "2014.09.17"]
[SourceVersion "1"]
[SourceVersionDate "2014.09.17"]
[SourceQuality "1"]
[WhiteTeam "Jamaica"]
[BlackTeam "Sri Lanka"]
[WhiteTeamCountry "JAM"]
[BlackTeamCountry "SRI"]

1. Nf3 Nf6 2. c4 g6 3. b4 Bg7 4. Bb2 0-0 5. d4 d6 6. e3 Nbd7 7. Be2 e5 8. dxe5 Ng4 9. Nc3 Ndxe5 10. Nxe5 Nxe5 11. 0-0 Be6 12. Qb3 c6 13. b5 Qh4 14. f4 Ng4 15. Bxg4 Bxg4 16. Ne4 Qe7 17. Bxg7 Kxg7 18. Qd3 Be2 19. Qxe2 Qxe4 20. Rfd1 Rae8 21. Kf2 Re6 22. Rd4 Qxd4 23. exd4 Rxe2+ 24. Kxe2 Re8+ 25. Kf3 cxb5 26. cxb5 d5 27. Rb1 Rc8 28. Rb3 Rc4 29. Ra3 Rb4 30. Rxa7 Rxb5 31. Ra3 Rb4 32. Rb3 Rxd4 33. Rxb7 Rd3+ 34. Ke2 Ra3 35. Rb2 Kf6 36. Rd2 Ke6 37. Kd1 Ra5 38. g3 Kd6 39. Kc1 Kc5 40. Kb2 Kc4 41. Rc2+ Kd3 42. Rc3+ Kd2 43. Rc2+ Kd3 44. Rc3+ Kd2 45. Rc2+ Kd3 1/2-1/2

[Event "Olympiad-41"]
[Site "Tromsoe"]
[Date "2014.08.08"]
[Round "6.3"]
[White "Ahmadi, Zabiullah"]
[Black "Perera, WCC"]
[Result "0-1"]
[WhiteElo "2031"]
[BlackElo "2081"]
[PlyCount "48"]
[EventDate "2014.08.02"]
[EventType "team-swiss"]
[EventRounds "11"]
[EventCountry "NOR"]
[SourceTitle "CBM 162"]
[Source "ChessBase"]
[SourceDate "2014.09.17"]
[SourceVersion "1"]
[SourceVersionDate "2014.09.17"]
[SourceQuality "1"]
[WhiteTeam "Afghanistan"]
[BlackTeam "Sri Lanka"]
[WhiteTeamCountry "AFG"]
[BlackTeamCountry "SRI"]

1. e4 c5 2. Nf3 d6 3. d4 cxd4 4. Nxd4 Nf6 5. Nc3 a6 6. Bd3 e5 7. Nde2 Be6 8. Bg5 Nbd7 9. Qd2 Be7 10. f4 Qc7 11. b3 h6 12. f5 hxg5 13. fxe6 fxe6 14. Qxg5 0-0-0 15. 0-0-0 d5 16. exd5 Nxd5 17. Qd2 Bb4 18. Kb2 Qa5 19. Bc4 N7b6 20. Bxd5 Nxd5 21. Qe1 Nxc3 22. Rxd8+ Rxd8 23. Nxc3 Rd1 24. Qxd1 Ba3+ 0-1

[Event "SRI-ch"]
[Site "Colombo"]
[Date "2014.03.17"]
[Round "5"]
[White "Perera, WCC"]
[Black "Kandearachchi, Niranga"]
[Result "0-1"]
[WhiteElo "2130"]
[BlackElo "1962"]
[PlyCount "76"]
[EventDate "2014.03.15"]
[EventType "tourn"]
[EventRounds "13"]
[EventCountry "SRI"]
[SourceTitle "EXT 2016"]
[Source "ChessBase"]
[SourceDate "2015.10.08"]
[SourceVersion "1"]
[SourceVersionDate "2015.10.08"]
[SourceQuality "1"]

1. d4 d5 2. c4 e6 3. Nc3 c6 4. Nf3 dxc4 5. a4 Bb4 6. e3 b5 7. Ne5 Bb7 8. Bd2 Qe7 9. b3 Bxc3 10. Bxc3 b4 11. Bd2 c3 12. Bc1 Nd7 13. Nc4 a5 14. e4 Ba6 15. Be3 Bxc4 16. Bxc4 Ngf6 17. Qc2 Ng4 18. Bc1 0-0 19. h3 Ngf6 20. Be3 c5 21. 0-0-0 cxd4 22. Bxd4 e5 23. Be3 Nc5 24. f3 Ne6 25. Qf2 Rfc8 26. Bd5 Nxd5 27. Rxd5 f6 28. Rhd1 Rd8 29. Bb6 Rxd5 30. exd5 Nd4 31. Bxd4 exd4 32. Rxd4 Rd8 33. Re4 Qd6 34. Qe2 Kf7 35. Rd4 Qe5 36. Qc4 Qe1+ 37. Rd1 Qf2 38. Qc7+ Kg6 0-1

[Event "SRI-ch"]
[Site "Colombo"]
[Date "2014.03.16"]
[Round "3"]
[White "Perera, WCC"]
[Black "Kurukulasuriya, Prasanna"]
[Result "1-0"]
[WhiteElo "2130"]
[BlackElo "2077"]
[PlyCount "119"]
[EventDate "2014.03.15"]
[EventType "tourn"]
[EventRounds "13"]
[EventCountry "SRI"]
[SourceTitle "EXT 2016"]
[Source "ChessBase"]
[SourceDate "2015.10.08"]
[SourceVersion "1"]
[SourceVersionDate "2015.10.08"]
[SourceQuality "1"]

1. d4 Nf6 2. c4 g6 3. Nc3 Bg7 4. e4 d6 5. Nf3 0-0 6. Be2 e5 7. 0-0 Nc6 8. d5 Ne7 9. Ne1 Nd7 10. Nd3 f5 11. Bd2 Kh8 12. Qc2 Nf6 13. f3 c5 14. a3 h5 15. b4 b6 16. bxc5 bxc5 17. Nf2 f4 18. Rfb1 Neg8 19. Rb2 Nh6 20. Rab1 Bd7 21. Rb7 Qc8 22. Ncd1 g5 23. Qc3 a5 24. Qb2 g4 25. Qb6 Nf7 26. Nc3 Bh6 27. Nb5 g3 28. Nd3 Bxb5 29. Rxb5 gxh2+ 30. Kh1 a4 31. Nxc5 h4 32. Rc7 Qe8 33. Ne6 Rg8 34. Qf2 Rg3 35. Kxh2 Qg8 36. Bf1 Ng5 37. Nxg5 Qxg5 38. Rcb7 Rg8 39. c5 h3 40. gxh3 Rg1 41. Rb8 Rxf1 42. Rxg8+ Nxg8 43. Qxf1 Qg3+ 44. Kh1 Nf6 45. Be1 Qg8 46. c6 Qc8 47. Kh2 Nh5 48. Qc4 Kh7 49. c7 Ng3 50. Rb8 Nf1+ 51. Qxf1 Qxc7 52. Re8 Bg5 53. Qg2 Qd7 54. Re6 Qd8 55. h4 Bf6 56. Qg4 Qb6 57. Rxf6 Kh8 58. Qh5+ Kg8 59. Qg6+ Kh8 60. Rf8# 1-0

[Event "Olympiad-40"]
[Site "Istanbul"]
[Date "2012.09.06"]
[Round "9.2"]
[White "Perera, WCC"]
[Black "Chumfwa, Stanley"]
[Result "1-0"]
[WhiteElo "2110"]
[BlackElo "2347"]
[PlyCount "60"]
[EventDate "2012.08.28"]
[EventType "team-swiss"]
[EventRounds "11"]
[EventCountry "TUR"]
[SourceTitle "CBM 151"]
[Source "ChessBase"]
[SourceDate "2012.11.13"]
[SourceVersion "1"]
[SourceVersionDate "2012.11.13"]
[SourceQuality "1"]
[WhiteTeam "Sri Lanka"]
[BlackTeam "Zambia"]
[WhiteTeamCountry "SRI"]
[BlackTeamCountry "ZAM"]

1. d4 Nf6 2. c4 e6 3. Nf3 b6 4. a3 Bb7 5. Nc3 d5 6. cxd5 Nxd5 7. Qc2 Be7 8. e4 Nxc3 9. bxc3 0-0 10. Bd3 c5 11. 0-0 Qc7 12. Qe2 Nd7 13. e5 Rfd8 14. Bb2 Rac8 15. Rad1 c4 16. Bb1 Bd5 17. Nd2 f5 18. f4 Rf8 19. g4 g6 20. Bc1 b5 21. gxf5 gxf5 22. Qh5 Qa5 23. Kf2 Qxc3 24. Rg1+ Kh8 25. Ne4 fxe4 26. Rg3 Rf5 27. Qh6 Bf8 28. Qh4 Qa1 29. Rdg1 Qxd4+ 30. Ke1 Bxa3 1-0

[Event "Olympiad-40"]
[Site "Istanbul"]
[Date "2012.09.03"]
[Round "6.2"]
[White "Yang, Ching Wei Austin"]
[Black "Perera, WCC"]
[Result "0-1"]
[WhiteElo "1760"]
[BlackElo "2110"]
[PlyCount "82"]
[EventDate "2012.08.28"]
[EventType "team-swiss"]
[EventRounds "11"]
[EventCountry "TUR"]
[SourceTitle "CBM 151"]
[Source "ChessBase"]
[SourceDate "2012.11.13"]
[SourceVersion "1"]
[SourceVersionDate "2012.11.13"]
[SourceQuality "1"]
[WhiteTeam "Taiwan"]
[BlackTeam "Sri Lanka"]
[WhiteTeamCountry "TPE"]
[BlackTeamCountry "SRI"]

1. e4 d6 2. d4 Nf6 3. Nc3 g6 4. f4 Bg7 5. Nf3 0-0 6. e5 Nfd7 7. Bc4 c5 8. e6 Nb6 9. exf7+ Kh8 10. Bd3 c4 11. Be2 Rxf7 12. Ne4 Rf8 13. 0-0 Nc6 14. c3 Bf5 15. Ng3 Bd7 16. Qc2 e6 17. Bd2 Ne7 18. Ne4 Qc7 19. Rae1 Nbd5 20. Nh4 Nf5 21. Nxf5 exf5 22. Ng5 h6 23. Bf3 Nb4 24. cxb4 hxg5 25. fxg5 Bxd4+ 26. Be3 Be5 27. Qf2 Kg7 28. Bd5 Bc6 29. Qd2 a5 30. Bd4 Rfe8 31. Bxe5+ dxe5 32. Bxc4 Rad8 33. Qc2 Qb6+ 34. Kh1 Qxb4 35. Re2 Rd4 36. Bd3 Qd6 37. Bc4 b5 38. Bb3 a4 39. Bxa4 bxa4 40. Rc1 Be4 41. Qc7+ Re7 0-1

[Event "Olympiad-40"]
[Site "Istanbul"]
[Date "2012.08.29"]
[Round "2.2"]
[White "Jang, Kyungsik"]
[Black "Perera, WCC"]
[Result "0-1"]
[WhiteElo "1861"]
[BlackElo "2110"]
[PlyCount "68"]
[EventDate "2012.08.28"]
[EventType "team-swiss"]
[EventRounds "11"]
[EventCountry "TUR"]
[SourceTitle "CBM 151"]
[Source "ChessBase"]
[SourceDate "2012.11.13"]
[SourceVersion "1"]
[SourceVersionDate "2012.11.13"]
[SourceQuality "1"]
[WhiteTeam "South Korea"]
[BlackTeam "Sri Lanka"]
[WhiteTeamCountry "KOR"]
[BlackTeamCountry "SRI"]

1. c4 Nf6 2. Nc3 g6 3. e4 d6 4. g3 Bg7 5. Bg2 0-0 6. Nge2 e5 7. 0-0 c6 8. d3 Na6 9. a3 Be6 10. b4 Nc7 11. Qc2 d5 12. Na4 Nd7 13. Be3 f5 14. cxd5 cxd5 15. Rac1 Rc8 16. Nc5 Nxc5 17. Bxc5 Rf7 18. Bxa7 fxe4 19. Bb6 exd3 20. Qxd3 Qd6 21. Bc5 Qd7 22. f3 Ra8 23. Bb6 Nb5 24. Rc5 Nxa3 25. Ba5 Nc4 26. Rc7 Qe8 27. Rxf7 Qxf7 28. Nc3 b6 29. f4 e4 30. Nxe4 dxe4 31. Bxe4 Rf8 32. g4 bxa5 33. f5 Qa7+ 34. Kh1 Ne5 0-1

[Event "SRI-ch"]
[Site "Colombo"]
[Date "2012.03.30"]
[Round "10"]
[White "Wijekoon, Chandana"]
[Black "Perera, WCC"]
[Result "1-0"]
[WhiteElo "1997"]
[BlackElo "2126"]
[PlyCount "169"]
[EventDate "2012.03.23"]
[EventType "tourn"]
[EventRounds "13"]
[EventCountry "SRI"]
[SourceTitle "EXT 2013"]
[Source "ChessBase"]
[SourceDate "2012.11.22"]
[SourceVersion "1"]
[SourceVersionDate "2012.11.22"]
[SourceQuality "1"]

1. Nf3 Nf6 2. d4 g6 3. Bf4 Bg7 4. h3 d6 5. e3 0-0 6. Be2 c5 7. c3 Qb6 8. Qb3 Be6 9. Qxb6 axb6 10. a3 Nc6 11. Nbd2 Rfe8 12. 0-0 Bf5 13. Bb5 Nd5 14. Bh2 Nc7 15. Be2 cxd4 16. exd4 b5 17. Rfe1 e5 18. dxe5 dxe5 19. Ng5 Red8 20. Nf1 f6 21. Nf3 Bc2 22. g4 g5 23. Rac1 Bb3 24. Ng3 Na5 25. Ne4 Bd5 26. Nfd2 Nc4 27. Rc2 Kf7 28. Bg3 Bf8 29. h4 h6 30. h5 Rd7 31. f3 Rad8 32. Bxc4 bxc4 33. Bf2 Ne6 34. Bb6 Rc8 35. Be3 Nf4 36. Bxf4 exf4 37. Nf2 Bc5 38. Nde4 Be3 39. Kg2 Re8 40. Rce2 Be6 41. Nd1 Bb6 42. Ndf2 Ree7 43. Nd2 Be3 44. Nf1 Ba7 45. Nd2 b5 46. Nde4 f5 47. gxf5 Bd5 48. f6 Re6 49. Ng4 Bxe4 50. Rxe4 Rd2+ 51. Kf1 Be3 52. Nxh6+ Kxf6 53. Ng4+ Kf5 54. Rxe6 Kxe6 55. Nxe3 fxe3 56. Rxe3+ Kf5 57. Re2 Rd1+ 58. Kg2 Rd6 59. Kg3 Rd3 60. h6 Kg6 61. Rh2 Kh7 62. Kg4 Rd5 63. f4 gxf4 64. Kxf4 Rc5 65. Ke4 Rg5 66. Kd4 Rf5 67. Re2 Rf4+ 68. Kc5 Rf5+ 69. Kb4 Kxh6 70. a4 bxa4 71. Kxa4 Rf8 72. Kb4 Rc8 73. Re4 Rb8+ 74. Kxc4 Rxb2 75. Kc5 Kg5 76. c4 Rb8 77. Kd6 Kf5 78. Re1 Rh8 79. c5 Rh6+ 80. Kc7 Rh2 81. c6 Kf6 82. Kb7 Rb2+ 83. Kc8 Rc2 84. c7 Kf7 85. Re4 1-0

[Event "SRI-ch"]
[Site "Colombo"]
[Date "2012.03.25"]
[Round "6"]
[White "Madumadha, M Chaithika Samith"]
[Black "Perera, WCC"]
[Result "0-1"]
[WhiteElo "1893"]
[BlackElo "2126"]
[PlyCount "97"]
[EventDate "2012.03.23"]
[EventType "tourn"]
[EventRounds "13"]
[EventCountry "SRI"]
[SourceTitle "EXT 2013"]
[Source "ChessBase"]
[SourceDate "2012.11.22"]
[SourceVersion "1"]
[SourceVersionDate "2012.11.22"]
[SourceQuality "1"]

1. d4 Nf6 2. c4 g6 3. Nc3 Bg7 4. e4 d6 5. h3 0-0 6. Bg5 c5 7. d5 b5 8. cxb5 Qa5 9. Qd2 a6 10. b6 Nbd7 11. b7 Bxb7 12. Nf3 Rfb8 13. Be2 Bc8 14. a3 Rxb2 15. Qxb2 Nxe4 16. 0-0 Bxc3 17. Qc2 Nxg5 18. Nxg5 Bxa1 19. Rxa1 Rb8 20. Kh2 Nf6 21. Bc4 h6 22. Nf3 Kg7 23. Re1 Bf5 24. Bd3 Bxd3 25. Qxd3 Rb7 26. Re3 Qb5 27. Nd2 Qxd3 28. Rxd3 Rb2 29. g3 Rc2 30. Kg2 c4 31. Rd4 c3 32. Nc4 Ra2 33. Ne3 Rxa3 34. Kf1 Nd7 35. Ke2 Nc5 36. Nc2 Ra4 37. Rxa4 Nxa4 38. Kd3 Kf6 39. Kd4 h5 40. f3 h4 41. g4 e5+ 42. dxe6 fxe6 43. f4 e5+ 44. fxe5+ dxe5+ 45. Ke3 Nc5 46. Nb4 Ke6 47. Na2 c2 48. Nc1 e4 49. Nb3 0-1

[Event "SRI-ch"]
[Site "Colombo"]
[Date "2012.03.24"]
[Round "3"]
[White "Wimalasuriya, Kasun M"]
[Black "Perera, WCC"]
[Result "1-0"]
[WhiteElo "1604"]
[BlackElo "2126"]
[PlyCount "79"]
[EventDate "2012.03.23"]
[EventType "tourn"]
[EventRounds "13"]
[EventCountry "SRI"]
[SourceTitle "EXT 2013"]
[Source "ChessBase"]
[SourceDate "2012.11.22"]
[SourceVersion "1"]
[SourceVersionDate "2012.11.22"]
[SourceQuality "1"]

1. Nf3 Nf6 2. g3 g6 3. Bg2 Bg7 4. 0-0 0-0 5. d4 d6 6. c4 Nc6 7. Nc3 a6 8. e4 Rb8 9. d5 Na5 10. Qe2 c5 11. h3 Bd7 12. e5 Ne8 13. e6 fxe6 14. dxe6 Bc6 15. Ng5 Nc7 16. Nd5 Nxd5 17. Bxd5 Be8 18. Qe4 Rf5 19. Qh4 h6 20. Nf7 Bxf7 21. exf7+ Kh7 22. g4 g5 23. Qg3 Rf6 24. Re1 Qd7 25. h4 e6 26. hxg5 hxg5 27. Qd3+ Kh8 28. Bxg5 Qxf7 29. Bxf6 exd5 30. Bxg7+ Qxg7 31. Qh3+ Kg8 32. cxd5 Nc4 33. Re4 Qxb2 34. Rae1 Rf8 35. R1e2 Qc1+ 36. Kg2 Nd2 37. Re1 Qc2 38. Re8 Qg6 39. Rxf8+ Kxf8 40. Qh8+ 1-0

[Event "Asia-ch U20 33rd"]
[Site "Colombo"]
[Date "2011.06.06"]
[Round "6.5"]
[White "Premachandra, GTD"]
[Black "Perera, WCC"]
[Result "0-1"]
[WhiteElo "1940"]
[BlackElo "2078"]
[PlyCount "80"]
[EventDate "2011.06.01"]
[EventType "swiss"]
[EventRounds "8"]
[EventCountry "SRI"]
[SourceTitle "EXT 2022"]
[Source "ChessBase"]
[SourceDate "2021.10.06"]
[SourceVersion "1"]
[SourceVersionDate "2021.10.06"]
[SourceQuality "1"]

1. e4 c5 2. Nc3 Nc6 3. g3 g6 4. Bg2 Bg7 5. Nge2 e6 6. d3 Nge7 7. Be3 Nd4 8. 0-0 0-0 9. Qd2 Rb8 10. Nd1 Nxe2+ 11. Qxe2 b6 12. f3 Ba6 13. Rb1 Rc8 14. Nf2 f5 15. Rfd1 Nc6 16. Qd2 Re8 17. c3 d5 18. Bg5 Qd7 19. g4 Ne5 20. h3 fxg4 21. fxg4 Rf8 22. Qe3 d4 23. Qg3 Rf7 24. Bf4 Nc6 25. c4 g5 26. Bxg5 Be5 27. Qh4 Qc7 28. Rd2 Bh2+ 29. Kh1 Bg3 30. Qh6 Bxf2 31. Rxf2 Rxf2 32. Bf6 Qf7 33. g5 e5 34. Rg1 Qg6 35. Qh4 Rf4 36. Qe1 Rf8 37. Bf1 Qh5 38. Rg3 Bc8 39. Be2 Qh4 40. Kg2 Bxh3+ 0-1

[Event "Olympiad-39"]
[Site "Khanty-Mansiysk"]
[Date "2010.09.28"]
[Round "7.1"]
[White "Al Ali, Hussein Ali Hussein"]
[Black "Perera, WCC"]
[Result "1-0"]
[WhiteElo "2364"]
[BlackElo "2016"]
[PlyCount "75"]
[EventDate "2010.09.21"]
[EventType "team-swiss"]
[EventRounds "11"]
[EventCountry "RUS"]
[SourceTitle "CBM 139"]
[Source "ChessBase"]
[SourceDate "2010.11.18"]
[SourceVersion "1"]
[SourceVersionDate "2010.11.18"]
[SourceQuality "1"]
[WhiteTeam "Iraq"]
[BlackTeam "Sri Lanka"]
[WhiteTeamCountry "IRQ"]
[BlackTeamCountry "SRI"]

1. d4 d6 2. Nf3 g6 3. g3 Bg7 4. Bg2 Nf6 5. 0-0 0-0 6. Nc3 Nbd7 7. e4 e5 8. h3 c6 9. a4 Qc7 10. Be3 Re8 11. d5 Nb6 12. Nd2 Bd7 13. a5 Nc8 14. Qe2 Ne7 15. Nc4 cxd5 16. exd5 Nf5 17. b3 Nd4 18. Qd1 Nh5 19. Ne4 Nb5 20. Na3 Nxa3 21. Rxa3 f5 22. Ng5 f4 23. gxf4 Nxf4 24. Ne6 Nxe6 25. dxe6 Bxe6 26. a6 b6 27. Bxa8 Rxa8 28. Ra4 Rf8 29. h4 Qc6 30. f4 b5 31. Rb4 Bh6 32. Qd2 Rf5 33. Rf2 Bf8 34. c4 bxc4 35. bxc4 Rh5 36. fxe5 Rxh4 37. Rxf8+ Kxf8 38. Qf2+ 1-0